| 000 | 01157cam a2200289 a 4500 | ||
|---|---|---|---|
| 001 | 3383409 | ||
| 003 | ARRUPE | ||
| 005 | 20130926174146.0 | ||
| 008 | 880713s1988 nyu 000 0 eng | ||
| 010 | _a 88023476 | ||
| 020 |
_a080913019X : _c$7.95 |
||
| 040 |
_aDLC _cDLC _dDLC |
||
| 050 | 0 | 0 |
_aBX1746 _b.I96 1988 |
| 100 | 1 |
_aIvory, Thomas P., _d1938- _91533 |
|
| 245 | 1 | 0 |
_aConversion and community : _ba catechumenal model for total parish formation / _cThomas P. Ivory. |
| 260 |
_aNew York : _bPaulist Press, _cc1988. |
||
| 300 |
_aiii, 132 p. ; _c22 cm. |
||
| 500 | _a"Commissioned by the N.C.D.D."--Introd. | ||
| 610 | 2 | 0 |
_aCatholic Church. _tOrdo initiationis Christianae adultorum. _91534 |
| 610 | 2 | 0 |
_aCatholic Church _xLiturgy. _91535 |
| 650 | 0 |
_aChurch renewal _xCatholic Church. _91536 |
|
| 650 | 0 |
_aInitiation rites _xReligious aspects _xCatholic Church. _91537 |
|
| 710 | 2 |
_aNational Conference of Diocesan Directors of Religious Education--CCD. _91538 |
|
| 906 |
_a7 _bcbc _corignew _d1 _eocip _f19 _gy-gencatlg |
||
| 942 |
_2lcc _cMONOGRAPH |
||
| 999 |
_c118111 _d118111 |
||